Produccion y exportacion de lacteos /

Bibliographic Details
Corporate Author: Uruguay. Dirección General de Comercio Exterior
Format: Book
Language:Spanish
Published: Montevideo, Uruguay : La Direccion, 1977.
Subjects:

MARC

Tag First Indicator Second Indicator Subfields
LEADER 00000cam a2200000 a 4500
001 in00000078663
005 20151008053901.0
008 781001s1977 uy f00010 spa d
035 |a (OCoLC)04262394 
035 |9 AAH8952AM 
040 |a IXA  |c IXA  |d m.c.  |d TXA  |d UtOrBLW 
043 |a s-uy--- 
045 |a x6x7 
049 |a TXAM  |c [387279] 
090 |a HD9275.U82  |b A2 1977 
110 1 |a Uruguay.  |b Dirección General de Comercio Exterior. 
245 1 0 |a Produccion y exportacion de lacteos /  |c Ministerio de Economia y Finanzas, Direccion General de Comercio Exterior. 
264 1 |a Montevideo, Uruguay :  |b La Direccion,  |c 1977. 
300 |a 21 pages ;  |c 22 cm. 
336 |a text  |b txt  |2 rdacontent 
337 |a unmediated  |b n  |2 rdamedia 
338 |a volume  |b nc  |2 rdacarrier 
650 0 |a Dairy products  |z Uruguay. 
999 |a MARS 
999 f f |s ddd63dc3-7804-3425-b4c1-b527cf812d8e  |i 40199a2e-d2b6-3451-8572-561b0c17db8e  |t 0 
952 f f |p normal  |a Texas A&M University  |b College Station  |c Sterling C. Evans Library  |d Evans: Library Stacks  |t 0  |e HD9275.U82 A2 1977  |h Library of Congress classification  |i unmediated -- volume  |m A14806130452 
998 f f |a HD9275.U82 A2 1977  |t 0  |l Evans: Library Stacks